El principito
Wedi'i Gadw mewn:
| Prif Awdur: | |
|---|---|
| Fformat: | Llyfr |
| Iaith: | Sbaeneg |
| Cyhoeddwyd: |
Santiago
Zig-Zag
1990
|
| Rhifyn: | 11a. ed |
| Cyfres: | Grandes clásicos escolares Zig-Zag
|
| Pynciau: | |
| Tagiau: |
Ychwanegu Tag
Dim Tagiau, Byddwch y cyntaf i dagio'r cofnod hwn!
|
MARC
| LEADER | 00000nam a2200000 a 4500 | ||
|---|---|---|---|
| 001 | UCW5073 | ||
| 003 | CL-VaPUC | ||
| 008 | 901127e19900000CL |||||||||||||||||spa|d | ||
| 082 | 0 | 4 | |a 843 |b SAI |2 21 |
| 100 | 0 | |a Saint-Exupery, Antoine de |e author |9 309910 | |
| 245 | 1 | 3 | |a El principito |
| 250 | |a 11a. ed | ||
| 300 | |a 106 p | ||
| 942 | |c BK | ||
| 945 | |d 19901127 00:00:00 | ||
| 260 | |a Santiago |b Zig-Zag |c 1990 | ||
| 650 | 0 | |a Novela francesa |9 264985 | |
| 583 | |a last modification |c 19901127 00:00:00 |k Rodrigo Vera | ||
| 490 | 0 | |a Grandes clásicos escolares Zig-Zag | |
| 999 | |c 218589 |d 218587 | ||
| 952 | |0 0 |1 0 |4 0 |6 843_000000000000000_SAI_1990 |7 0 |8 A |9 208352 |a BIBEDU |b BIBEDU |d 2019-11-15 |i 2762870 |o 843 SAI 1990 |p 2762870 |r 2019-11-15 |w 2019-11-15 |y BK |k EDU | ||